000 00924cas a22002295a 4500
001 L145855
008 081113d19841998xxkfr m s 0 a0eng d
035 _a(Sirsi) u145855
041 0 _aeng
050 _a333.32 $2 18
110 2 _aHealey and Baker
_91907
245 0 0 _aPRIME (property rent indices and market editorial)
260 _aLondon
_bHealey and Baker
_c1984-1998
362 0 _a1984-1998
490 0 _aPRIME (Property Rent Indices and Market Editorial)
520 _aProvides a guide to UK prime rental values for office, business and industrial space. Details regional rental values and rent yields and provides commentary and analysis on them. Figures include rental growth rates. Tables.
554 _aWinter and Summer
650 2 4 _aPRIME PROPERTY RENT INDICES AND MARKET EDITORIAL
651 4 _aUnited Kingdom
_y
690 _aPROPERTY-COMMERCIAL PROPERTY-COMMERCIAL PROPERTY MARKET
942 _n0
999 _c119206
_d119206